Cartoon Duos by Picture - Statistics

General Stats
  • This quiz has been taken 101 times
  • The average score is 13 of 24
Answer Stats
Picture Answer % Correct
Batman & Robin
99%
Phineas & Ferb
89%
Lilo & Stitch
87%
Rick & Morty
87%
Ash & Pikachu
85%
CatDog
76%
Cosmo & Wanda
66%
Finn the Human & Jake the Dog
63%
Gumball & Darwin
63%
Beavis & Butthead
61%
Ren & Stimpy
61%
Pinky & Brain
59%
Fred Flintstone & Barney Rubble
54%
Billy & Mandy
52%
Dipper & Mabel
51%
Mordecai & Rigby
51%
Cow & Chicken
49%
Kim Possible & Ron Stoppable
48%
Fanboy & Chum Chum
44%
Rocky & Bullwinkle
38%
Mac & Bloo
20%
Adam Lyon & Jake the Monkey
17%
Goten & Trunks
10%
Daggett & Norbert
8%
No matching quizzes found
Score Distribution
Percent of People with Each Score
Percentile by Number Answered
Your Score History
You have not taken this quiz